00680 2200253 4500001002100000005001500021035002000036001002100056005001500077035002000092245006300112100002200175250001700197300003000214700002200244700001200266260003900278082000800317084001500325020002200340520003900362600001000401856001500411INLIS00000000000083420250109100910 a0010-0125000007INLIS00000000000012720240508074242 a0010-05240000491 aEnsiklopedia Percobaan Sains :bUdara /cTim Doenia Aksara0 aTim Doenia Aksara acetakan ke-1 a56 hlm :bIlus ;c21,5 cm0 aRustapa, Anita K.0 aHani'ah aBekasi :bUranus Publishing,c2011 a503 a503 TIM e a978-602-863-754-1 aEnsiklopedia Percobaan Sains Udara 4asains a503 TIM e